Middle East Countries - Statistics

General Stats
  • This quiz has been taken 24 times
  • The average score is 15 of 16
Answer Stats
Country % Correct
Iran
100%
Iraq
100%
Lebanon
100%
Qatar
100%
Syria
100%
Turkey
100%
Yemen
100%
Egypt
96%
Israel
96%
Kuwait
96%
Oman
96%
Saudi Arabia
96%
United Arab Emirates
96%
Bahrain
91%
Jordan
91%
Cyprus
87%
No matching quizzes found
Score Distribution
Percent of People with Each Score
Percentile by Number Answered
Your Score History
You have not taken this quiz